The limits of absolutism in ancien regime France

Αποθηκεύτηκε σε:
Λεπτομέρειες βιβλιογραφικής εγγραφής
Κύριος συγγραφέας: Bonney, Richard
Μορφή: Βιβλίο
Γλώσσα:English
Δημοσίευση: Hampshire : Variorum, 1995
Σειρά:Collected studies ; ; CS491
Θέματα:
Ετικέτες: Προσθήκη ετικέτας
Δεν υπάρχουν, Καταχωρήστε ετικέτα πρώτοι!

MARC

LEADER 00000nam a2200000 i 4500
001 1/12673
008 971022s1995 eng d
020 |a 0-86078-482-7 
035 |1 ΠΑΡ  |a 1997  |l 10018715 
040 |a GR-MY-UA  |b gre  |e aacr 
041 0 |a eng 
082 0 |a 320.4440903 
100 1 |a Bonney, Richard. 
245 1 4 |a The limits of absolutism in ancien regime France /  |c Richard Bonney 
260 |a Hampshire :   |b Variorum,   |c 1995 
300 |a 338 p. 
490 1 |a Collected studies  |v ; CS491 
504 |a Includes index 
650 0 0 |a Monarchy  |z France  |x History. 
650 0 0 |a Despotism  |z France  |x History. 
650 0 0 |a Taxation  |z France  |x History. 
651 0 |a France  |x Politics and government  |y 17th century. 
651 0 |a France  |x History  |y 17th century. 
830 0 |a Collected studies ;  |v ; CS491 
852 |a INST  |b LESVOS  |e 19971022  |h 320.44400903 BON  |p 005100015478  |q 005100015478  |t BK  |y 0 
909 |a Λ  |b 050735